000 00529nam a2200169Ia 4500
008 090201s9999 xx 000 0 und d
010 _aKPL-58162
040 _bमराठी
041 _aमराठी
082 _a6946
_b58162
100 _aअजय ताम्हाणे
245 _aअंडरर्वल्ड
_cअजय ताम्हाणे
260 _c2004
_bसुरूची प्रकाशन
300 _a192
_bमोठा
600 _aअंडरर्वल्ड
942 _cBOOK
999 _c207729
_d207729